Concepción y producción de manuales escolares: guía práctica

Saved in:
Bibliographic Details
Main Author: Richaudeau, Francois (Author)
Format: Book
Language:Spanish
Published: Bogotá UNESCO 1981
Subjects:
Tags: Add Tag
No Tags, Be the first to tag this record!

MARC

LEADER 00000nam a2200000 a 4500
001 UCY8633
003 CL-VaPUC
008 950703e19810000CK |||||||||||||||||spa|d
082 0 4 |a 371.32  |b RIC  |2 21 
100 0 |a Richaudeau, Francois  |e author  |9 340195 
245 1 0 |a Concepción y producción de manuales escolares: guía práctica 
300 |a 290 p 
942 |c BK 
945 |d 19950703 00:00:00  |a lriquelm 
260 |a Bogotá  |b UNESCO  |c 1981 
650 7 |a GUIAS  |2 CL-VaPUC  |9 340196 
650 7 |a FABRICACION DE LOS LIBROS  |2 CL-VaPUC  |9 340197 
650 7 |a IMPRESION  |2 CL-VaPUC  |9 266944 
650 0 |a Libros de texto  |9 270019 
650 0 |a Producción de libros de texto  |9 340198 
650 7 |a PUBLICACIONES EDUCACIONALES  |2 CL-VaPUC  |9 340199 
583 |a last modification  |c 19950703 00:00:00  |k Rodrigo Vera 
999 |c 235861  |d 235859 
952 |0 0  |1 0  |4 0  |6 371_320000000000000_RIC_1981  |7 0  |8 P  |9 243542  |a BIBEDU  |b BIBEDU  |c BIBEDU_PB  |d 2019-11-18  |i 1527002  |o 371.32 RIC 1981  |p 1527002  |r 2024-01-25  |w 2019-11-18  |y BK  |k EDU 
952 |0 0  |1 0  |4 0  |6 371_320000000000000_RIC_1981  |7 0  |8 P  |9 243543  |a BIBEDU  |b BIBEDU  |c BIBEDU_PB  |d 2019-11-18  |i 1527010  |o 371.32 RIC 1981  |p 1527010  |r 2024-01-25  |w 2019-11-18  |y BK  |k EDU